000 00234nam a2200109Ia 4500
008 190216s9999||||xx |||||||||||||| ||und||
100 _aGupta
245 0 _aPrinciples Of Accounting
260 _bNull
650 _aCommerce
942 _cBK
999 _c4375
_d4375